logo

Bir Sreshtho Munshi Abdur Rouf Library
Jhenaidah Cadet College

রচনা সমগ্র ১ / (Record no. 2299)

MARC details
000 -LEADER
fixed length control field 00742nam a2200229 a 4500
001 - CONTROL NUMBER
JCCL Control Number 2299
003 - CONTROL NUMBER IDENTIFIER
JCCL marc code BD-JhCC
005 - DATE AND TIME OF LATEST TRANSACTION
control field 20171031210652.0
008 - FIXED-LENGTH DATA ELEMENTS--GENERAL INFORMATION
fixed length control field 171031s2001 bg |||| ||a| 000 0 ben d
035 ## - SYSTEM CONTROL NUMBER
system control number (BD-JhCC)2299
040 ## - CATALOGING SOURCE
Original cataloging agency BD-JhCC
Modifying agency BD-JhCC
041 ## - LANGUAGE CODE
Language code of Book ben
082 ## - DEWEY DECIMAL CLASSIFICATION NUMBER
Classification number 891.443
Author mark and Year IBM 2001
100 ## - MAIN ENTRY--PERSONAL NAME
Personal name ইব্রাহিম, ড. নীলিমা
245 ## - TITLE STATEMENT
Title রচনা সমগ্র ১ /
Statement of responsibility, etc ড. নীলিমা ইব্রাহিম
260 ## - PUBLICATION, DISTRIBUTION, ETC. (IMPRINT)
Place of publication, distribution, etc ঢাকা :
Name of publisher, distributor, etc সময় প্রকাশনী,
Date of publication, distribution, etc ২০০১.
300 ## - PHYSICAL DESCRIPTION
Pagination 476 p. :
Dimensions 21 cm.
650 ## - SUBJECT ADDED ENTRY--TOPICAL TERM
Topical term or geographic name as entry element Collection Of Novel
700 ## - ADDED ENTRY--PERSONAL NAME
Personal name মনিরুজ্জামান, ড. মোহাম্মদ
942 ## - ADDED ENTRY ELEMENTS (KOHA)
Source of classification or shelving scheme Dewey Decimal Classification
Koha item type Books
Holdings
Source of classification or shelving scheme Damaged status Not for loan Home library Current library Shelving location Date of accession Cost, normal purchase price Total Checkouts Full call number Barcode Date last seen Copy number Koha item type volume number
Dewey Decimal Classification     JCC Rouf Library JCC Rouf Library Reference 10/31/2017 350.00   891.443 IBM 2001 3972 10/31/2017 C-1 Books  
Dewey Decimal Classification     JCC Rouf Library JCC Rouf Library General Stacks 11/01/2017 350.00   891.443 IBM 2001 2926 11/01/2017 C-2 Books v-1
Dewey Decimal Classification     JCC Rouf Library JCC Rouf Library General Stacks 11/01/2017 350.00   891.443 IBM 2001 2919 11/01/2017 C-3 Books V-1

JCC Library | Contacts | JCC Home

Last Update on 23 September 2017
Copyright @ 2017-2020 JCC Rouf Library
Rouf Library, Jhenidah Cadet College (JCC), Bangladesh